-
WALIA, DR.S.S AND WALIA, DR.V.S
Entry Personal Name
Number of records used in: 1
001 - CONTROL NUMBER
003 - CONTROL NUMBER IDENTIFIER
005 - DATE AND TIME OF LATEST TRANSACTION
- control field:
20250411143652.0
008 - FIXED-LENGTH DATA ELEMENTS
- fixed length control field:
250411|| aca||aabn | a|a d
040 ## - CATALOGING SOURCE
- Original cataloging agency:
JRU
- Transcribing agency:
JRU
100 ## - HEADING--PERSONAL NAME
- Personal name:
WALIA, DR.S.S AND WALIA, DR.V.S
670 ## - SOURCE DATA FOUND
- Source citation:
Work cat.: (JRU)8751: WALIA, DR.S.S AND WALIA, DR.V.S , FARMING SYSTEM AND SUSTAINABLE AGRICULTURE